000 00789nam a2200253Ia 4500
003 OSt
005 20220923212750.0
006 a|||||r|||| 00| 0
007 ta
008 220922b |||||||| |||| 00| 0 hin d
024 _a155,717
037 _cTextual
040 _aARTS
_cARTS
_bhin
041 _2hin
_ahin
082 _aO1520v7,2:g, L4
100 _aमाहेश्वर
_9156277
245 0 _aहिन्दी बंगला नाटक
246 _aHindī bangalā nāṭaka
260 _aदिल्ली
_b मैकमिलन कंपनी
_c1974
300 _a367पृ.
_ccm.
650 _aहिन्दी साहित्य
_9156264
942 _hO1520v7,2:g, L4
_cTEXL
_2CC
999 _c311185
_d311185